Online
Catalog

Candido el ingenuo. (Record no. 43205)

MARC details
000 -CABECERA
campo de control de longitud fija 00279nam a2200109 a 4500
005 - FECHA Y HORA DE LA ÚLTIMA TRANSACCIÓN
campo de control 20201002044931.0
008 - DATOS DE LONGITUD FIJA--INFORMACIÓN GENERAL
campo de control de longitud fija 140404s1972 000 spa d
040 ## - FUENTE DE LA CATALOGACIÓN
Centro catalogador/agencia de origen DO-SdBNP
100 ## - ENTRADA PRINCIPAL--NOMBRE DE PERSONA
Nombre de persona Voltaire
9 (RLIN) 46917
245 #0 - MENCIÓN DE TÍTULO
Título Candido el ingenuo.
260 ## - PUBLICACIÓN, DISTRIBUCIÓN, ETC.
Lugar de publicación, distribución, etc. Madrid -- Libra,
Fecha de publicación, distribución, etc. 1972 -- 195 p.

No items available.

Powered by Koha